000 00460nam a2200193Ia 4500
008 240510s9999 xx 000 0 und d
020 _a0000471608572
041 _aEng
082 _a005.7575
082 _bA84
100 _aAULT MICHAEL R.
245 0 _aORACLE 7.0 : ADMINISTRATION AND MANAGEMENT
260 _bJOHN WILEY : NEWOYRK
260 _c1994
300 _a516 p.
650 _aDATABASE MANAGEMENT : ORACLE
942 _2ddc
942 _cLBK
999 _c25522
_d25522
945 _a1
_bMadushi Gamage
_c1
_dMadushi Gamage